000 00690nam a2200193Ia 4500
003 LDD
008 190117s9999 xx 000 0 und d
020 _a9788176504515
_c₹125
040 _cLDD
041 _ahi
082 _a8H1.7 लु4802मैं
100 _aलुधियानवी, समीर
245 0 _aमैं पल दो पल का शायर हुँ
_cसमीर लुधियानवी
260 _aनई दिल्ली
_bस्टार पब्लिकेशन
_c2011
300 _a160पृ.
901 _aHBC
904 _aReqst by : Jitendra Shriwastava
942 _2ddc
_cH
999 _c169118
_d169118